01452cam a22003974i 4500003000900000005001700009008004100026020001500067035002700082040003300109082002300142100003100165245009000196264005000286300003700336336002100373337002500394338002300419504003000442505035600472526001000828526001000838526001000848526001000858526000800868526000800876526000800884526000800892526000800900526000800908526000800916541002400924541001600948630005300964650003701017PE-LiUPU20250731173149.0150623s r 000 0 d a0801022282 a(Sirsi) i9780801022289 aPE-LiUPUbspacPE-LiUPUerda04a266.00901bK172211 aKaiser, Walter C.,eautor.10aMission in the Old Testament :bIsrael as a light to the nations /cWalter C. Kaiser. 1aGrand Rapids, Michigan :bBaker Books,c2002. a99 páginas ;c22 centímetros atext2rdacontent aunmediated2rdamedia avolume2rdacarrier aBibliografía: p. 87-92.0 aGod's plan for missions in the Old Testament. God's purpose for missions in the Old Testament. God's use of individuals to reach gentiles in the Old Testament. God's call to Israel to be a light to the nations. God's persuasión of Jonah to be his witness with other prophets from Israel. God's call to the missionary Paul based on the Old Testament. aSEG42 aSEG41 aSEG40 aSEG39 aP94 aP87 aP86 aP85 aP77 aP76 aP35 g1057695742-4939426; g01961-7000; aBiblia.pA.T.xCrítica, interpretación, etc.04aMisionesxEnseñanza bíblica.